Novinky literatury ekonomie

Enregistré dans:
Détails bibliographiques
Format: Publication en série
Langue:tchèque
Publié: Praha Státní knihovna ČSR
Tags: Ajouter un tag
Pas de tags, Soyez le premier à ajouter un tag!

MARC

LEADER 00000nas1a22000001 4500
001 s121079
005 20250901073307.5
041 0 |a cze 
044 |a CZ 
245 1 0 |a Novinky literatury  |b ekonomie 
264 1 |a Praha  |b Státní knihovna ČSR